000 00309nam a22001457a 4500
008 210308b ||||| |||| 00| 0 eng d
020 _a9780073525549
041 _aeng
080 _23th
_a573
082 _23th
_a573
100 _a11
101 _aBIO
245 _aBiology
_cHoefnagels,M
942 _2udc
_cBK
999 _c55944
_d55944